00354 a2200109 4500001001000000005001700010008004100027245007400068100002200142773006300164999001700227ART_1688520260410161718.0260409a 10aLa prescripción de la acción para impugnar el acto administrativo1 aAberastury, Pedro0 tDerecho administrativog- Nº 87 (mayo/jun. 2013)wREV1721 c16745d16745